00970nam a22002897i 4500001000800000003001000008007000500018008004100023040003500064041000800099043000700107084000700114110005400121245005000175264001100225300002300236336002700259337003300286338002800319500001500347650003500362773007500397942000900472952017600481999001700657999000600674B-12598CO-BoFNCPt|| 090928s2008 my a f z eng d aCO-BoFNCPbspacCO-BoFNCPerda aeng amy aA-2 aThe Incorporated Society of Planters, ISP940380.10aGoing back to basics in managing plantations. 4c©2008 apáginas 213-214. atextobtxt2rdacontent asin mediaciónbn2rdamedia avolumenbnc2rdacarrier aEditorial. 0aManejo de Plantaciones933607.0 aThe Planter (Malasia)gv. 84, no. 985 (2008), p.213-214wA-x0126-575x 2zc1 00102z4070a2b2d2013-10-21hThe Planter (Malasia). v. 84, no. 985 (2008), p.213-214. ST-A-, ISSN: 0126-575xl0oA-pR-12598r2013-10-21 00:00:00tEj. 1w2013-10-21y1 c26570d26570 z1